<?xml version="1.0" encoding="UTF-8"?>
<record
    xmlns:xsi="http://www.w3.org/2001/XMLSchema-instance"
    xsi:schemaLocation="http://www.loc.gov/MARC21/slim http://www.loc.gov/standards/marcxml/schema/MARC21slim.xsd"
    xmlns="http://www.loc.gov/MARC21/slim">

  <leader>01383nam a2200361 i 4500</leader>
  <datafield tag="999" ind1=" " ind2=" ">
    <subfield code="c">22671</subfield>
    <subfield code="d">22671</subfield>
  </datafield>
  <controlfield tag="001">C00610960</controlfield>
  <controlfield tag="003">OSt</controlfield>
  <controlfield tag="005">20230109100858.0</controlfield>
  <controlfield tag="007">ta</controlfield>
  <controlfield tag="008">220905s2021    pe a   gr     001 0 spa</controlfield>
  <datafield tag="017" ind1=" " ind2=" ">
    <subfield code="a">2021-10598</subfield>
  </datafield>
  <datafield tag="020" ind1=" " ind2=" ">
    <subfield code="a">9789972574733</subfield>
  </datafield>
  <datafield tag="040" ind1=" " ind2=" ">
    <subfield code="a">pelibn&#xA0; </subfield>
    <subfield code="b">spa&#xA0; </subfield>
    <subfield code="e">rda&#xA0; </subfield>
    <subfield code="c">pelibn</subfield>
  </datafield>
  <datafield tag="082" ind1="0" ind2="4">
    <subfield code="a">338.4791/R53</subfield>
  </datafield>
  <datafield tag="100" ind1="1" ind2=" ">
    <subfield code="a">Rice, Mark,</subfield>
    <subfield code="e">autor.</subfield>
    <subfield code="9">48838</subfield>
  </datafield>
  <datafield tag="245" ind1="1" ind2="0">
    <subfield code="a">Destino Machu Picchu :</subfield>
    <subfield code="b">la pol&#xED;tica del turismo en el Per&#xFA; del siglo XX /</subfield>
    <subfield code="c">Mark Rice ; traducci&#xF3;n, Javier Flores Espinoza.</subfield>
  </datafield>
  <datafield tag="250" ind1=" " ind2=" ">
    <subfield code="a">1a edici&#xF3;n.</subfield>
  </datafield>
  <datafield tag="264" ind1=" " ind2="1">
    <subfield code="a">Lima :</subfield>
    <subfield code="b">Universidad del Pac&#xED;fico, Fondo Editorial,</subfield>
    <subfield code="c">2021.</subfield>
  </datafield>
  <datafield tag="264" ind1=" " ind2="3">
    <subfield code="a">Lima :</subfield>
    <subfield code="b">Aleph Impresiones.</subfield>
  </datafield>
  <datafield tag="300" ind1=" " ind2=" ">
    <subfield code="a">270 p&#xE1;ginas :</subfield>
    <subfield code="b">ilustraciones, mapa, retrato ;</subfield>
    <subfield code="c">23 cm.</subfield>
  </datafield>
  <datafield tag="336" ind1=" " ind2=" ">
    <subfield code="a">Texto </subfield>
    <subfield code="2">rdacontent</subfield>
  </datafield>
  <datafield tag="337" ind1=" " ind2=" ">
    <subfield code="a">sin mediaci&#xF3;n </subfield>
    <subfield code="2">rdamedia</subfield>
  </datafield>
  <datafield tag="338" ind1=" " ind2=" ">
    <subfield code="a">volumen </subfield>
    <subfield code="2">rdacarrier</subfield>
  </datafield>
  <datafield tag="500" ind1=" " ind2=" ">
    <subfield code="a">Incluye &#xED;ndice tem&#xE1;tico.</subfield>
  </datafield>
  <datafield tag="504" ind1=" " ind2=" ">
    <subfield code="a">Bibliograf&#xED;a: p&#xE1;ginas 241-258.</subfield>
  </datafield>
  <datafield tag="534" ind1=" " ind2=" ">
    <subfield code="p">T&#xED;tulo original: </subfield>
    <subfield code="t">Making Machu Picchu. The politics of tourism in twentieth-Century Peru.</subfield>
  </datafield>
  <datafield tag="650" ind1="1" ind2="8">
    <subfield code="a">Turismo</subfield>
    <subfield code="z">-Per&#xFA;</subfield>
    <subfield code="z">-Santuario Hist&#xF3;rico de Machu Picchu (Cus.)</subfield>
    <subfield code="9">48839</subfield>
  </datafield>
  <datafield tag="650" ind1="2" ind2="8">
    <subfield code="a">Turismo</subfield>
    <subfield code="x">-Pol&#xED;tica gubernamental</subfield>
    <subfield code="z">-Per&#xFA;.</subfield>
    <subfield code="9">48840</subfield>
  </datafield>
  <datafield tag="700" ind1="1" ind2=" ">
    <subfield code="a">Flores Espinoza, Javier,</subfield>
    <subfield code="d">1962-,</subfield>
    <subfield code="e">traductor.</subfield>
    <subfield code="9">48841</subfield>
  </datafield>
  <datafield tag="710" ind1="2" ind2=" ">
    <subfield code="a">Universidad del Pac&#xED;fico (Lima),</subfield>
    <subfield code="e">entidad editora.</subfield>
    <subfield code="9">10408</subfield>
  </datafield>
  <datafield tag="942" ind1=" " ind2=" ">
    <subfield code="2">ddc</subfield>
    <subfield code="c">LIBROS</subfield>
  </datafield>
  <datafield tag="952" ind1=" " ind2=" ">
    <subfield code="0">0</subfield>
    <subfield code="1">0</subfield>
    <subfield code="2">ddc</subfield>
    <subfield code="4">0</subfield>
    <subfield code="7">0</subfield>
    <subfield code="a">SH</subfield>
    <subfield code="b">SH</subfield>
    <subfield code="c">CART</subfield>
    <subfield code="d">2023-01-09</subfield>
    <subfield code="e">Donaci&#xF3;n</subfield>
    <subfield code="g">30.00</subfield>
    <subfield code="o">338.4791/R53</subfield>
    <subfield code="p">SH0000016511</subfield>
    <subfield code="r">2023-01-09</subfield>
    <subfield code="w">2023-01-09</subfield>
    <subfield code="y">LIBROS</subfield>
  </datafield>
</record>
